| 000 | 00599nam a2200217 a 4500 | ||
|---|---|---|---|
| 005 | 20230829063534.0 | ||
| 008 | 050419s2001 000 eng d | ||
| 020 | _a8466706496 | ||
| 035 | _aUPN01000139057 | ||
| 049 | _aCG | ||
| 050 | 4 |
_aB132 S6 _bR6.3 |
|
| 100 | 1 | _aRomán López, María Teresa | |
| 245 | 1 | 0 |
_aEnseñanzas espirituales de la India / _cMaría Teresa Ramón López. |
| 260 |
_aEspaña : _bOberon, _c2001. |
||
| 300 | _a312 p. | ||
| 440 | 0 | _aSendas | |
| 650 | 4 |
_aFILOSOFIA HINDU _95577 |
|
| 650 | 2 |
_aEspiritualidad _97223 |
|
| 650 | 4 |
_aVIDA ESPIRITUAL _95893 |
|
| 905 | _aLibro | ||
| 999 |
_c111205 _d111205 |
||